000 01107cam a2200289 4500
001 ABS65265
008 020409n2002 000 0 eng u
035 _a(Sirsi) u117407
245 _aInternational corporate real estate supplement
260 _c2002
490 _aProperty Week
_v March 2002, LOAN
520 _aSeries of articles on the office market, corporate strategy and property portfolios, the effect of part L of the Building Regulations, PPPs in local authority property management, office costs survey and a guide to MIPIM. Also includes a profile of Alan White (DTZ).
590 _aABS
650 _aOFFICE SPACE
650 _aPROPERTY-COMMERCIAL PROPERTY-OFFICE PROPERTY-OFFICE PROPERTY MARKET
650 _aINTERNATIONAL PROPERTY MARKET
650 _aCORPORATE REAL ESTATE
650 _aCORPORATE PROPERTY STRATEGY
650 _aOFFICE COSTS
650 _aBUILDING REGULATIONS PART L
650 _aENERGY EFFICIENCY
650 _aPUBLIC PRIVATE PARTNERSHIPS
650 _aLOCAL AUTHORITIES
650 _aPROPERTY PORTFOLIOS
690 _aINTERNATIONAL
942 _n0
999 _c69942
_d69942